Responses for show #8668 - Wednesday, June 22, 2022

Megan Wachspress game 7.

Contestants

[<< previous game]

Jeff Weinstock, a marketing lecturer from Miami, Florida

Sarah Brogren, a writer from Burbank, California

Megan Wachspress, an attorney from Berkeley, California (whose 6-day cash winnings total $60,603)

[next game >>]

Jeopardy! Round responses

____ING BOOK TITLES
OLD AD SLOGANS
WORD ORIGINS
THE SENATOR'S FIRST NAME
FACE/PALM
THE SONG OF THE DAY
    $200 1
Leaving

Megan
    $200 21
United

Jeff
    $200 13
a dunce cap

Megan
    $200 14
Bill

Sarah
    $200 15
diabetes

Jeff
    $200 30
(Jeff: What's "Saturday Night"?)

"Saturday"

MeganJeff
    $400 2
The Shining

Sarah
    $400 20
Got Milk?

Sarah
    $1,000 12
(Megan: What is cholera?)

malaria

Megan
    $400 26
Pat

Megan
    $400 19
cheeks

Jeff
    $400 25
a "New Moon On Monday"

Triple Stumper
    $600 3
Lying

Triple Stumper
    $600 6
Federal Express

Jeff
    $600 11
mammoth

Megan
    $600 27
(Megan: What is
Rob and Paul?)

rob Peter to pay Paul

Megan
Triple Stumper
    $600 18
life line

Megan
    $600 22
Ruby Tuesday

Megan
    $800 4
Becoming

Megan
    $800 8
Camel

Jeff
    $800 9
charisma

Jeff
    $800 28
Chuck

Megan
    $800 16
a glass jaw

Sarah
    $800 23
(Jeff: What's Saturday's Child?)

Thursday's Child

Jeff
Triple Stumper
    $1000 5
Trainspotting

Jeff
    $1000 7
7 Up

Jeff
    $1000 10
dormer

Sarah
    $1000 29
Mitt

Jeff
    $1000 17
sweaty palms

Sarah
    $1000 24
"Thank God It's Friday"

Triple Stumper

Scores at the first commercial break (after clue 15):

Megan Sarah Jeff
$800 $1,600 $4,400

Scores at the end of the Jeopardy! Round:

Megan Sarah Jeff
$2,800 $3,800 $5,000

Double Jeopardy! Round responses

HAIL TO THE CHEF
THE 1800s
ON PLANET POP CULTURE
DOUBLE DOUBLE E
ROCKS & PLANTS...
IN THIS ECONOMY?
    $400 6
Chef Boyardee

Sarah
    $400 1
steam

Jeff
    $400 11
(Jeff: Who is, um, Richard Williams?)

Venus Williams

SarahJeff
    $400 3
(Megan: Who are [*] and Tweedledum?)
[Accepted as correct; changed to incorrect due to additional information, when the Daily Double is played]

Tweedledee

Megan
Triple Stumper
    $400 25
(Mayim: Yes, less than a minute.)

poison ivy

Sarah
    $400 19
North Korea

Jeff
    $800 7
farm to table

Megan
    $800 5
(Megan: Who is William Tell?)

Horatio Nelson

Megan
Triple Stumper
    $800 12
SpongeBob SquarePants

Jeff
    $800 4
(Jeff: What's cold freeze?)

a deep freezer

MeganJeff
    $800 26
hemp

Megan
    $800 16
copper

Jeff
    $1200 8
Anthony Bourdain

Megan
    $3,000 23
(Sarah: Who is Mick Jagger?)
...
(Sarah: Oh, that makes sense.)

Freddie Mercury

Sarah
    $1200 18
a squeegee

Megan
    $1200 27
psyllium

Sarah
    $1200 15
(Jeff: What is Liechtenstein?)
(Megan: What is Switzerland?)

Luxembourg

MeganJeff
Triple Stumper
    $1600 9
Giada De Laurentiis

Sarah
    $1600 20
(Megan: Who is Sitting Bull?)

Tecumseh

Megan
Triple Stumper
    $1600 22
Mars Attacks!

Sarah
    $1600 2
sheep cheese

Sarah
    $1,000 28
(Sarah: Hmm... what is granite? It's not.)
...
[The end-of-round signal sounds.]

slate

Sarah
    $1600 13
currants

Triple Stumper
    $2000 10
(Sarah: Who is Michelin?)

Escoffier

Sarah
Triple Stumper
    $2000 21
Alexander I

Jeff
    $2000 24
"Drops Of Jupiter"

Sarah
    $2000 17
sneeze weed

Triple Stumper
    $2000 14
Yemen

Megan

Scores at the end of the Double Jeopardy! Round:

Megan Sarah Jeff
$5,600 $7,000 $7,000

[wagering suggestions for these scores]

Final Jeopardy! Round responses

19th CENTURY LITERATURE
(Mayim: [To Megan] Talking about writing what would become "The Raven".)
[ERRATUM: The clue as displayed in subtitle misspelled "equally" as "equallly", with three "L"s.]
MeganWho is Robert Louis St Edgar Allen Poe
$1,401
SarahWho R.L. Stevenson?
$7,000
JeffWho is Edgar Allan Poe?
$4,202
Edgar Allan Poe

Final scores:

Megan Sarah Jeff
$7,001 $0 $11,202
2nd place: $2,000 3rd place: $1,000 New champion: $11,202

Game dynamics:

Coryat scores:

Megan Sarah Jeff
$6,600 $11,000 $7,000
15 R,
6 W
(including 1 DD)
14 R,
3 W
(including 2 DDs)
14 R,
5 W

Combined Coryat: $24,600

The J! Archive is created by fans, for fans. The Jeopardy! game show and all elements thereof, including but not limited to copyright and trademark thereto, are the property of Jeopardy Productions, Inc. and are protected under law. This website is not affiliated with, sponsored by, or operated by Jeopardy Productions, Inc. Join the discussion at JBoard.tv.